000 00381nam a2200133Ia 4500
008 231129s2014||||xx |||||||||||||| ||spa||
020 _a978-958-8827-25-4
040 _bspa
082 _a(i) 808.831 A598d
245 0 _aDe animales y de niños
260 _c2014
264 _a[Bogotá] Colombia : Imprenta Nacional de Colombia
942 _2ddc
_cBKS
999 _c8724
_d8724